| 000 | 00675nam a22002057a 4500 | ||
|---|---|---|---|
| 005 | 20251108165505.0 | ||
| 008 | 250721s1990 xx 000 0 ara d | ||
| 082 | 1 | 4 | _aم/216.3/دمش |
| 100 | 1 | _aالدمشقي، عبد القادر بن محمد النعيمي | |
| 245 | 1 | 0 | _aالدارس في تاريخ المدارس / |
| 264 | 1 |
_aبيروت : _bدار الكتب العلميه، _c1990. |
|
| 300 | _a2ج | ||
| 650 | 1 | 7 | _aالإسلام |
| 650 | 1 | 7 | _aالفقه الإسلامي |
| 650 | 1 | 7 | _aالمعاملات (فقه إسلامي) |
| 650 | 1 | 7 | _aالوقف |
| 700 | 1 |
_aشمس الدين، إبراهيم _eإعداد |
|
| 942 |
_2ddc _cREF |
||
| 999 |
_c29156 _d29156 |
||